|
|
|
|
| LEADER |
00000nam1a2200000 4500 |
| 001 |
177597 |
| 005 |
20231031165642.0 |
| 035 |
|
|
|a (RuTPU)RU\TPU\book\192550
|
| 090 |
|
|
|a 177597
|
| 100 |
|
|
|a 20100322d2005 m y0rusy50 ca
|
| 101 |
0 |
|
|a rus
|
| 102 |
|
|
|a RU
|
| 200 |
1 |
|
|a Наука о Земле
|e учебное пособие
|f Ю. В. Кириченко , М. В. Щекина
|g Московский государственный горный университет (МГГУ)
|
| 210 |
|
|
|a Москва
|c Изд-во МГГУ
|d 2005
|
| 225 |
1 |
|
|a Высшее горное образование
|
| 700 |
|
1 |
|a Кириченко
|b Ю. В.
|g Юрий Васильевич
|
| 701 |
|
1 |
|a Щекина
|b М. В.
|g Марина Владимировна
|
| 712 |
0 |
2 |
|a Московский государственный горный университет (МГГУ)
|c (1993- )
|2 stltpush
|3 (RuTPU)RU\TPU\col\453
|
| 801 |
|
1 |
|a RU
|b 63413507
|c 20100322
|
| 801 |
|
2 |
|a RU
|b 63413507
|c 20100322
|g RCR
|
| 942 |
|
|
|c BK
|